Addishakti: (Record no. 190299)

MARC details
000 -LEADER
fixed length control field 00583nam a22001817a 4500
005 - DATE AND TIME OF LATEST TRANSACTION
control field 20220721153907.0
010 ## - LCCN (DPL NO)
LC control number ENG-13379
020 ## - INTERNATIONAL STANDARD BOOK NUMBER
Terms of availability 350.00
International Standard Book Number 9789380705804
035 ## - SYSTEM CONTROL NUMBER
System control number EN-117331
037 ## - SOURCE OF ACQUISITION
Source of stock number/acquisition DBAD/PUB
082 ## - DEWEY DECIMAL CLASSIFICATION NUMBER
Classification number 920
245 ## - TITLE STATEMENT
Title Addishakti:
Remainder of title Tribal Women Achievers of Odisa/
Statement of responsibility, etc ed. by. A.B Ota
260 ## - PUBLICATION, DISTRIBUTION, ETC. (IMPRINT)
Place of publication, distribution, etc Odisha
Name of publisher, distributor, etc Scheduled Castes And Scheduled Tribes Research& Training Institute
Date of publication, distribution, etc 2020
270 ## - ADDRESS
Address ST & SC Development Department Government of Odisa
City Odisha
300 ## - PHYSICAL DESCRIPTION
Extent 61p.
Dimensions 22cm(hbk)
700 ## - ADDED ENTRY--PERSONAL NAME
Personal name Ota A.B
942 ## - ADDED ENTRY ELEMENTS (KOHA)
Source of classification or shelving scheme Dewey Decimal Classification
Item type English Books
Classification part 920
Call number suffix ADI
Holdings
Withdrawn status Lost status Not for loan Collection code Home library Current library Date acquired Source of acquisition Cost, normal purchase price Full call number Barcode Copy number Cost, replacement price Koha item type
      Non-fiction Bawana Bawana 21/07/2022 DBAD/PUB 250.00 920 ADI EN-117331 1 250.00 English Books

© Delhi Public Library
Hit Counter
free hit counter